| 000 | 01363nam0a2200337 4500 | ||
|---|---|---|---|
| 001 | RU\NLR\BIBL_A\011714668 | ||
| 005 | 20180608151458.0 | ||
| 010 |
_a978-5-9287-2575-4 _910000 |
||
| 021 |
_aRU _bКН-П-18-028213 _9КН-П-18-2062 |
||
| 035 | _a(NLR Aleph) 011714668 | ||
| 035 | _a(RuMoRGB)009607747 | ||
| 090 |
_a11451307 _c11451307 |
||
| 100 | _a20180529d2014 u y0rusy50 ca | ||
| 101 | 1 |
_arus _ceng |
|
| 102 | _aRU | ||
| 105 | _aa|||z|||000ay | ||
| 200 | 1 |
_aМетла и костёр _e[сказка _eдля детей 7-11 лет] _fМэри Нортон _g[перевод с английского Ольги Мяэотс _gхудожник: Вадим Челак] |
|
| 210 |
_aМосква _cЛабиринт Пресс _d2014 |
||
| 215 |
_a[1], 100, [3] с. _cил. _d30 |
||
| 225 | 1 | _aПалитра чудес | |
| 686 |
_aШ9(2)70(4Вл) _2rubbk |
||
| 686 | 0 | _aШ9(4Вл)60-4 | |
| 700 | 1 |
_7ca _8rus _aНортон _bМ. _f1903-1992 _gМэри _9189903 _3RU\NLR\AUTH\770189954 |
|
| 702 | 1 |
_4040 _7ca _8rus _aЧелак _bВ. Г. _cхудожник _f1961- _gВадим Георгиевич _946992 _3RU\NLR\AUTH\7764063 |
|
| 942 | _cBOOK | ||
| 980 | _aNBR | ||
| 980 | _aNB | ||